| 000 | 02592cam a2200481 a 4500 | ||
|---|---|---|---|
| 001 | ocn154083120 | ||
| 005 | 20250205130738.0 | ||
| 006 | m o d | ||
| 007 | cr cnu---unuuu | ||
| 008 | 070709s2002 maua ob 001 0 eng d | ||
| 016 | 7 |
_a017581785 _2Uk |
|
| 016 | 7 |
_a0750674113 _2Uk |
|
| 020 |
_a9780080488707 _q(electronic bk.) |
||
| 020 |
_a0080488706 _q(electronic bk.) |
||
| 020 | _a1281049506 | ||
| 020 | _a9781281049506 | ||
| 020 | _a9786611049508 | ||
| 020 | _a6611049509 | ||
| 020 | _z9780750674119 | ||
| 020 | _z0750674113 | ||
| 040 |
_aKO _beng |
||
| 041 | 0 | _aeng | |
| 082 | 0 | 4 |
_a658.3/82 _222 |
| 100 | 1 | _aRoughton, James E. | |
| 245 | 1 | 0 |
_aDeveloping an effective safety culture : _ba leadership approach / _cJames E. Roughton, James J. Mercurio. |
| 260 |
_aBoston : _bButterworth-Heinemann, _c�2002. |
||
| 300 |
_a1 online resource (xxxvii, 477 pages) : _billustrations |
||
| 338 | _aonline resource | ||
| 504 | _aIncludes bibliographical references and index. | ||
| 520 | _aDescribed how to implement an effective safety culture that will lead to the desired goal of zero incidents in the work place. | ||
| 505 | 0 | _aPart 1: Characteristics of an Effective Safety Culture; Does Management Commitment Make a Difference; Defining a Value System; Voluntary Guidelines for Safety Management; Part 2: Management Aspects of an Effective Safety Culture; Management's Role In Developing an Effective Safety Culture; Journey to a Safety Culture: Determining The Direction of Your Management System; Management Leadership: Demonstrating Commitment; Employee Participation; Assigning Safety Responsibilities; Developing Accountability; Part 3: Safety and Health Programs That Support the Safety Culture; Developing a Hazard Inventory; Developing a Hazard Prevention and Control System; Incident Investigation; Establishing a Medical Surveillance Program; Defining Safety and Health Training; Conducting Job Hazard Analysis; Understanding Behavioral-Based Safety; Part 4: Measuring the Safety Culture; Safety and Health Program Assessment; Appendices; Index. | |
| 546 | _aEnglish. | ||
| 650 | 0 |
_aIndustrial safety _xManagement. |
|
| 650 | 7 |
_aBUSINESS & ECONOMICS _xWorkplace Culture. _2bisacsh |
|
| 650 | 7 |
_aBUSINESS & ECONOMICS _xHuman Resources & Personnel Management. _2bisacsh |
|
| 650 | 7 |
_aIndustrial safety _xManagement. _2fast _0(OCoLC)fst00971698 |
|
| 700 | 1 |
_aMercurio, James J., _d1959- |
|
| 856 | _uhttps://www.sciencedirect.com/science/book/9780750674119 | ||
| 904 | _aRUDRA_R | ||
| 905 | _aR_RANJAN | ||
| 942 |
_2ddc _cEB |
||
| 999 |
_c3332 _d3332 |
||